00313pab a2200121 454500008004000000100001500040245004500055260000900100300001100109362000900120650002800129773003400157180718b1984 xxu||||| |||| 00| 0 eng d aShah, Gita aChanging focus of health policy in India c1984 a97-110 aApr. aHealth Services - India aIndian Journal of Social Work